00399 2200157 4500001002100000005001500021035002000036245005400056100001400110300002800124260003300152082000800185084001400193020002200207990001200229INLIS00000000000303120250918114929 a0010-09250003781 aSepotong Bibir Paling Indah Di Dunia /cAgus Noor0 aAgus Noor a168 hlm ;c13 x 20,5 cm aYogyakarta :bBentang,c2010 a813 a813 AGU s a978-979-1227-88-9 a0755597